000 00947nam a22002057a 4500
003 OSt
005 20260124085409.0
008 230620b ||||| |||| 00| 0 eng d
040 _cSSBUL
082 _223
_a495.9191
100 0 _aပညာဘောဂ၊
_cၸဝ်ႈတုၼ်လုင်မႁႃၼႃယၵ၊ ဥုး။
_965676
245 1 0 _aသွင်ၽႃသႃၵမ်မိုဝ်း ၵႂၢမ်းမၼ် ၵၢမ်းတႆး /
_bၸဝ်ႈတုၼ်လုင်မႁႃၼႃယၵ ပၺ်ႇၺႃႇၽေႃးၵ။
260 _aတႃႈၵုင်ႈ၊
_bပလႄး ၸႃႇပေႇတၢႆႉ၊
_c1968 ။
300 _aထ၊ 196 ၼႃႈ၊
_c18 ၸိၼ်ႇတီႇ။
500 _aS-SAT: Dr. Prof Sai Aung Tun
650 _aၵႂၢမ်းလၢတ်ႈတႆး - ၵႂၢမ်းလၢတ်ႈမၢၼ်ႈ
_965677
942 _cBK
942 _2ddc
942 _2ddc
999 _c26037
_d26037